[Event "POL-chT3 Podkarpackie"]
[Site "Czudec"]
[Date "2016.05.28"]
[Round "2.9"]
[White "Luka, Krzysztof"]
[Black "Kopacz, Lukasz"]
[Result "1/2-1/2"]
[WhiteElo "1876"]
[BlackElo "1937"]
[PlyCount "33"]
[EventDate "2016.05.27"]
[EventType "team-tourn"]
[EventRounds "9"]
[EventCountry "POL"]
[SourceTitle "EXT 2018"]
[Source "ChessBase"]
[SourceDate "2017.10.13"]
[SourceVersion "1"]
[SourceVersionDate "2017.10.13"]
[SourceQuality "1"]
[WhiteTeam "Rzeszow RzKSz"]
[BlackTeam "Mielec"]
[WhiteTeamCountry "POL"]
[BlackTeamCountry "POL"]

1. d4 c5 2. d5 e5 3. e4 d6 4. c4 Be7 5. Bd3 Bg5 6. Nf3 Bxc1 7. Qxc1 Bg4 8. Qe3 Bxf3 9. Qxf3 Qf6 10. Qxf6 Nxf6 11. Nc3 a6 12. 0-0 0-0 13. h3 Nbd7 14. Rae1 b6 15. f4 exf4 16. Rxf4 Ne5 17. Be2 1/2-1/2

[Event "POL-ch U26"]
[Site "Zabrze"]
[Date "2015.01.10"]
[Round "1"]
[White "Weichhold, Pawel"]
[Black "Luka, Krzysztof"]
[Result "1-0"]
[WhiteElo "2405"]
[BlackElo "1871"]
[PlyCount "45"]
[EventDate "2015.01.10"]
[EventType "swiss"]
[EventRounds "9"]
[EventCountry "POL"]
[SourceTitle "EXT 2016"]
[Source "ChessBase"]
[SourceDate "2015.10.08"]
[SourceVersion "1"]
[SourceVersionDate "2015.10.08"]
[SourceQuality "1"]

1. c4 g6 2. g3 Bg7 3. Bg2 Nf6 4. Nf3 d6 5. 0-0 0-0 6. Nc3 e5 7. d3 Nc6 8. Rb1 a5 9. a3 Kh8 10. b4 Nd7 11. Nd5 h6 12. e4 f5 13. exf5 gxf5 14. Nh4 Kh7 15. Qh5 Ne7 16. Nxe7 Qxe7 17. Qg6+ Kg8 18. Nxf5 Qf6 19. Nxh6+ Kh8 20. Qh5 Bxh6 21. Bxh6 Qf5 22. Qh4 Rf7 23. Be4 1-0

[Event "POL-chT 2nd League"]
[Site "Szczyrk"]
[Date "2014.09.10"]
[Round "5.98"]
[White "Luka, Krzysztof"]
[Black "Brzezinski, Mateusz"]
[Result "0-1"]
[WhiteElo "1904"]
[BlackElo "2148"]
[PlyCount "134"]
[EventDate "2014.09.06"]
[EventType "team-swiss"]
[EventRounds "9"]
[EventCountry "POL"]
[SourceTitle "EXT 2015"]
[Source "ChessBase"]
[SourceDate "2014.11.20"]
[SourceVersion "1"]
[SourceVersionDate "2014.11.20"]
[SourceQuality "1"]
[WhiteTeam "Rzeszow RzKSz"]
[BlackTeam "Bydgoszcz Hetman"]
[WhiteTeamCountry "POL"]
[BlackTeamCountry "POL"]

1. d4 Nf6 2. c4 g6 3. Nc3 d5 4. Bf4 Bg7 5. Nf3 0-0 6. e3 c5 7. cxd5 Nxd5 8. Be5 Nc6 9. Bxg7 Kxg7 10. Bc4 Nxc3 11. bxc3 cxd4 12. cxd4 b5 13. Bd3 Qd6 14. Nd2 Be6 15. Be4 Rfd8 16. 0-0 Rac8 17. Qe2 Na5 18. Bd3 b4 19. Ne4 Bd5 20. Nc5 e5 21. Na4 Qc6 22. Bb5 Qc2 23. Nc5 Qxe2 24. Bxe2 exd4 25. exd4 Nc6 26. Ba6 Rb8 27. Rfd1 Ne7 28. Rdb1 Rb6 29. Rb2 Rdd6 30. Be2 Bc6 31. Rd1 a5 32. a3 Nd5 33. axb4 Nc3 34. Rd3 Nxe2+ 35. Rxe2 Bb5 36. bxa5 Bxd3 37. Nxd3 Rb1+ 38. Re1 Rxe1+ 39. Nxe1 Rxd4 40. Kf1 Ra4 41. g3 Rxa5 42. Kg2 Kf6 43. Nf3 Ra4 44. h4 h6 45. Nd2 Ke5 46. Nb3 Kd5 47. Nd2 Ra2 48. Nf1 Ke4 49. Ne3 h5 50. Nc4 Ra6 51. Nd2+ Kd3 52. Nf3 f6 53. Ng1 Ra2 54. Nh3 Ke4 55. Nf4 Kf5 56. Nd5 g5 57. hxg5 fxg5 58. Nb4 Rd2 59. Nc6 Ke6 60. Kf3 Kd6 61. Nd8 Rd5 62. Nf7+ Ke6 63. Nh6 Rd8 64. Ke4 Rf8 65. f4 g4 66. f5+ Kf6 67. Kf4 Rh8 0-1

[Event "POL-chT3 Podkarpackie"]
[Site "Pstragowa"]
[Date "2014.05.04"]
[Round "8.20"]
[White "Luka, Krzysztof"]
[Black "Lewtak, Dominik"]
[Result "1/2-1/2"]
[WhiteElo "1864"]
[BlackElo "1975"]
[PlyCount "66"]
[EventDate "2014.04.30"]
[EventType "team-tourn"]
[EventRounds "9"]
[EventCountry "POL"]
[SourceTitle "EXT 2015"]
[Source "ChessBase"]
[SourceDate "2014.11.20"]
[SourceVersion "1"]
[SourceVersionDate "2014.11.20"]
[SourceQuality "1"]
[WhiteTeam "Rzeszow"]
[BlackTeam "Czarna II"]
[WhiteTeamCountry "POL"]
[BlackTeamCountry "POL"]

1. d4 d5 2. c4 e6 3. Nc3 Nf6 4. Nf3 c6 5. e3 Nbd7 6. Bd3 dxc4 7. Bxc4 b5 8. Bb3 Bb7 9. 0-0 a6 10. Bc2 c5 11. b3 Qc7 12. Bb2 cxd4 13. Nxd4 Bd6 14. h3 Qc5 15. f4 0-0 16. g4 e5 17. Nf5 Qc6 18. e4 Bc5+ 19. Kh2 exf4 20. g5 Ne8 21. Nd5 Kh8 22. Qh5 Bg1+ 23. Kxg1 Qxc2 24. Rxf4 Qxb2 25. Qxh7+ Kxh7 26. Rh4+ Kg6 27. Nfe7+ Kxg5 28. Rg4+ Kh6 29. Rh4+ Kg5 30. Rg4+ Kh6 31. Rh4+ Kg5 32. Rg4+ Kh6 33. Rh4+ Kg5 1/2-1/2

[Event "POL-chT3 Podkarpackie"]
[Site "Pstragowa"]
[Date "2014.05.01"]
[Round "2.2"]
[White "Luka, Krzysztof"]
[Black "Kopacz, Grzegorz"]
[Result "1/2-1/2"]
[WhiteElo "1864"]
[BlackElo "2188"]
[PlyCount "88"]
[EventDate "2014.04.30"]
[EventType "team-tourn"]
[EventRounds "9"]
[EventCountry "POL"]
[SourceTitle "EXT 2015"]
[Source "ChessBase"]
[SourceDate "2014.11.20"]
[SourceVersion "1"]
[SourceVersionDate "2014.11.20"]
[SourceQuality "1"]
[WhiteTeam "Rzeszow"]
[BlackTeam "Mielec"]
[WhiteTeamCountry "POL"]
[BlackTeamCountry "POL"]

1. d4 Nf6 2. c4 c5 3. Nf3 g6 4. Nc3 cxd4 5. Nxd4 Bg7 6. g3 0-0 7. Bg2 Nc6 8. Nxc6 dxc6 9. 0-0 Be6 10. Qa4 Nd7 11. Rd1 Qb6 12. Qa3 Qc5 13. Qxc5 Nxc5 14. Be3 Na6 15. Rac1 Rad8 16. b3 Nb4 17. Rxd8 Rxd8 18. Ne4 Nxa2 19. Re1 Nc3 20. Bxa7 Nxe2+ 21. Kf1 Nd4 22. Nc5 Nxb3 23. Nxe6 fxe6 24. Rxe6 Bf6 25. Be3 Nd2+ 26. Bxd2 Rxd2 27. Re2 Rd1+ 28. Re1 Rd4 29. Rb1 Rxc4 30. Rxb7 Rc2 31. Rb4 c5 32. Bd5+ Kg7 33. Rc4 Rb2 34. Be4 Bd4 35. Rc2 Rb1+ 36. Ke2 Ra1 37. Kf3 Kf6 38. Bd3 Re1 39. Re2 Ra1 40. Ke4 e5 41. f4 exf4 42. Kxf4 h5 43. Ke4 Rd1 44. Bc2 Rf1 1/2-1/2

[Event "Rewal op-B 16th"]
[Site "Rewal"]
[Date "2011.08.24"]
[Round "5"]
[White "Panczuk, Joanna"]
[Black "Luka, Krzysztof"]
[Result "0-1"]
[WhiteElo "1678"]
[BlackElo "1873"]
[PlyCount "62"]
[EventDate "2011.08.18"]
[EventType "swiss"]
[EventRounds "9"]
[EventCountry "POL"]
[SourceTitle "CBM 144 Extra"]
[Source "ChessBase"]
[SourceDate "2011.10.28"]
[SourceVersion "1"]
[SourceVersionDate "2011.10.28"]
[SourceQuality "1"]

1. e4 d6 2. d4 Nf6 3. Nc3 g6 4. f3 c6 5. Be3 Nbd7 6. Qd2 b5 7. Bd3 Nb6 8. Nge2 a6 9. Nf4 e5 10. Nfe2 exd4 11. Bxd4 c5 12. Bxf6 Qxf6 13. Ng3 h5 14. 0-0 h4 15. Nh1 Qd4+ 16. Qf2 Qb4 17. Nd5 Nxd5 18. exd5 Qxb2 19. Rae1+ Kd7 20. Qe2 Bb7 21. f4 Bxd5 22. f5 c4 23. Be4 Qd4+ 24. Nf2 Re8 25. Qf3 Bxe4 26. Rxe4 Rxe4 27. Qxe4 Qxe4 28. Nxe4 gxf5 29. Rxf5 Ke6 30. Rf3 Be7 31. Ra3 Ra8 0-1

[Event "Rewal op-B 16th"]
[Site "Rewal"]
[Date "2011.08.22"]
[Round "3"]
[White "Klimek, Piotr"]
[Black "Luka, Krzysztof"]
[Result "1-0"]
[WhiteElo "1699"]
[BlackElo "1873"]
[PlyCount "101"]
[EventDate "2011.08.18"]
[EventType "swiss"]
[EventRounds "9"]
[EventCountry "POL"]
[SourceTitle "CBM 144 Extra"]
[Source "ChessBase"]
[SourceDate "2011.10.28"]
[SourceVersion "1"]
[SourceVersionDate "2011.10.28"]
[SourceQuality "1"]

1. e4 g6 2. d4 d6 3. Nc3 Nf6 4. f3 c6 5. Be3 Nbd7 6. g4 b5 7. g5 Nh5 8. f4 h6 9. Qf3 Qa5 10. Bd2 b4 11. Nce2 hxg5 12. fxg5 Qb6 13. 0-0-0 Bg7 14. Be3 c5 15. Bh3 c4 16. Rf1 Rf8 17. Bg4 b3 18. cxb3 Qa6 19. Nc3 cxb3 20. a3 Bb7 21. Qe2 Qa5 22. Qd2 Nb6 23. Be2 Rc8 24. Bd3 Nc4 25. Bxc4 Rxc4 26. Kd1 Rxc3 27. Qxc3 Qxc3 28. bxc3 Bxe4 29. Nf3 b2 30. Ke2 Kd7 31. Rhg1 b1Q 32. Rxb1 Bxb1 33. Rxb1 Kc6 34. Kd3 Re8 35. c4 e5 36. dxe5 dxe5 37. Kc2 Re7 38. Rb5 Nf4 39. Ra5 Nh3 40. Bxa7 e4 41. Nd4+ Bxd4 42. Bxd4 e3 43. Ra6+ Kd7 44. Ra7+ Kd6 45. Rxe7 Kxe7 46. Bxe3 f5 47. gxf6+ Kxf6 48. a4 Ke6 49. a5 Kd7 50. a6 Kc6 51. c5 1-0

[Event "Rewal op-B 16th"]
[Site "Rewal"]
[Date "2011.08.21"]
[Round "2"]
[White "Luka, Krzysztof"]
[Black "Szostko, Jakub"]
[Result "0-1"]
[WhiteElo "1873"]
[BlackElo "1645"]
[PlyCount "92"]
[EventDate "2011.08.18"]
[EventType "swiss"]
[EventRounds "9"]
[EventCountry "POL"]
[SourceTitle "CBM 144 Extra"]
[Source "ChessBase"]
[SourceDate "2011.10.28"]
[SourceVersion "1"]
[SourceVersionDate "2011.10.28"]
[SourceQuality "1"]

1. d4 Nf6 2. c4 e6 3. Nf3 Bb4+ 4. Nbd2 b6 5. Qc2 Bb7 6. e3 0-0 7. Bd3 d6 8. e4 Bxd2+ 9. Bxd2 Nbd7 10. e5 dxe5 11. dxe5 Nc5 12. exf6 Nxd3+ 13. Ke2 Be4 14. Qc3 Qxf6 15. Qxf6 gxf6 16. Bc3 e5 17. Rhg1 Rad8 18. g3 a5 19. Nd2 Bg6 20. h4 Nc5 21. g4 Na4 22. Rg3 Nxc3+ 23. Rxc3 Rd4 24. f3 Rfd8 25. Nb3 Rd3 26. Rac1 a4 27. Na1 Rd2+ 28. Ke3 Rxb2 29. Nc2 Rxc2 30. R1xc2 Bxc2 31. Rxc2 Kf8 32. c5 b5 33. c6 b4 34. Rb2 Rd4 35. g5 f5 36. h5 f4+ 37. Ke2 Ke7 38. Rc2 Kd6 39. Rc1 b3 40. axb3 axb3 41. Rg1 b2 42. Rb1 Rb4 43. Kd3 Kxc6 44. Kc3 Rb6 45. Kc4 Kd6 46. Kd3 Kc5 0-1

[Event "POL-ch U18"]
[Site "Murzasichle"]
[Date "2011.03.05"]
[Round "1"]
[White "Luka, Krzysztof"]
[Black "Bokiej, Przemyslaw"]
[Result "0-1"]
[WhiteElo "1835"]
[BlackElo "2115"]
[PlyCount "92"]
[EventDate "2011.03.05"]
[EventType "swiss"]
[EventRounds "9"]
[EventCountry "POL"]
[SourceTitle "EXT 2012"]
[Source "ChessBase"]
[SourceDate "2011.11.24"]
[SourceVersion "1"]
[SourceVersionDate "2011.11.24"]
[SourceQuality "1"]

1. d4 e6 2. c4 b6 3. Nf3 Bb7 4. Nc3 Nf6 5. Bg5 Be7 6. e3 h6 7. Bh4 0-0 8. Bd3 d5 9. cxd5 exd5 10. Rc1 Nbd7 11. 0-0 Re8 12. Bb5 a6 13. Ba4 b5 14. Bc2 c5 15. dxc5 Nxc5 16. a3 Qd7 17. b4 Nce4 18. Nxe4 dxe4 19. Qxd7 Nxd7 20. Bxe7 exf3 21. Bd6 fxg2 22. Rfd1 Bf3 23. Re1 Nf6 24. Bf5 Ne4 25. Bf4 g5 26. Bc7 g4 27. Bf4 h5 28. Rc7 Rad8 29. Ra7 Rd2 30. Bxe4 Bxe4 31. Bc7 Rc8 32. Be5 Rcc2 33. Rxa6 Rxf2 34. Rh6 f5 35. Rh8+ Kf7 36. Bg3 Rfe2 37. Rd1 Red2 38. Re1 Rc4 39. Rxh5 Rdc2 40. Rh7+ Kg6 41. Rd7 Bf3 42. Rd6+ Kf7 43. Rb6 Rc1 44. Rxb5 Rxe1+ 45. Bxe1 Rc1 46. Kf2 Rxe1 0-1

[Event "POL-chT U19 2nd League"]
[Site "Chelm Lubelski"]
[Date "2010.07.11"]
[Round "7"]
[White "Kielbasa, Dominik"]
[Black "Luka, Krzysztof"]
[Result "0-1"]
[WhiteElo "1352"]
[BlackElo "1897"]
[PlyCount "66"]
[EventDate "2010.07.06"]
[EventType "team-tourn"]
[EventRounds "11"]
[EventCountry "POL"]
[SourceTitle "EXT 2011"]
[Source "ChessBase"]
[SourceDate "2010.11.26"]
[SourceVersion "1"]
[SourceVersionDate "2010.11.26"]
[SourceQuality "1"]
[WhiteTeam "Lesniowice U19"]
[BlackTeam "Rzeszow Staroniwa U19"]
[WhiteTeamCountry "POL"]
[BlackTeamCountry "POL"]

1. e4 g6 2. d4 d6 3. Nf3 Bg7 4. Nc3 Nf6 5. Be3 c6 6. Bd3 Nbd7 7. Qd2 Ng4 8. 0-0-0 Nxe3 9. fxe3 Qa5 10. Qf2 Nf6 11. Rdf1 Ng4 12. Qe2 Bh6 13. Kb1 Nxe3 14. Re1 b5 15. Nd1 Nxd1 16. Rxd1 0-0 17. h4 Be6 18. b3 Bg4 19. Qf2 Bg7 20. Be2 c5 21. Qg3 Bxf3 22. Bxf3 Bxd4 23. Rxd4 cxd4 24. h5 Qc3 25. hxg6 fxg6 26. e5 Rxf3 27. gxf3 d3 28. Qh3 dxc2+ 29. Kc1 Qa1+ 30. Kxc2 Qxa2+ 31. Kc3 b4+ 32. Kd4 Qd2+ 33. Ke4 d5# 0-1

[Event "POL-ch U18"]
[Site "Karpacz"]
[Date "2010.03.10"]
[Round "7"]
[White "Luka, Krzysztof"]
[Black "Solnicki, Michal"]
[Result "1-0"]
[WhiteElo "1905"]
[BlackElo "2039"]
[PlyCount "73"]
[EventDate "2010.03.06"]
[EventType "swiss"]
[EventRounds "11"]
[EventCountry "POL"]
[SourceTitle "CBM 135 Extra"]
[Source "ChessBase"]
[SourceDate "2010.05.04"]
[SourceVersion "1"]
[SourceVersionDate "2010.05.04"]
[SourceQuality "1"]

1. d4 d5 2. c4 c6 3. Nc3 Nf6 4. Nf3 e6 5. e3 a6 6. Bd3 dxc4 7. Bxc4 b5 8. Bb3 c5 9. 0-0 Bb7 10. Bd2 Nbd7 11. Rc1 Rc8 12. Ne2 Bd6 13. a4 c4 14. Bc2 Qc7 15. Ng3 h5 16. Re1 h4 17. Nf1 Ne4 18. axb5 axb5 19. Bxe4 Bxe4 20. Ng5 Nf6 21. f3 Bd3 22. e4 Bxf1 23. Kxf1 Bxh2 24. e5 Nd5 25. Ne4 Kf8 26. b3 Bg3 27. bxc4 bxc4 28. Re2 Kg8 29. Nd6 h3 30. gxh3 Rxh3 31. Kg2 Qd8 32. Rxc4 Nf6 33. exf6 Bxd6 34. Kxh3 Qxf6 35. Kg2 Kf8 36. Qh1 Qg6+ 37. Kf1 1-0

[Event "POL-ch U18"]
[Site "Karpacz"]
[Date "2010.03.08"]
[Round "3"]
[White "Luka, Krzysztof"]
[Black "Brzezinski, Mateusz"]
[Result "1-0"]
[WhiteElo "1905"]
[BlackElo "1956"]
[PlyCount "81"]
[EventDate "2010.03.06"]
[EventType "swiss"]
[EventRounds "11"]
[EventCountry "POL"]
[SourceTitle "CBM 135 Extra"]
[Source "ChessBase"]
[SourceDate "2010.05.04"]
[SourceVersion "1"]
[SourceVersionDate "2010.05.04"]
[SourceQuality "1"]

1. d4 Nf6 2. c4 c5 3. Nf3 cxd4 4. Nxd4 e5 5. Nb3 d5 6. cxd5 Qxd5 7. Qxd5 Nxd5 8. e4 Nb4 9. Na3 Be6 10. Be3 N8c6 11. Nc5 Bxc5 12. Bxc5 Nxa2 13. Nb5 b6 14. Nc7+ Kd7 15. Nxe6 Kxe6 16. Bc4+ Kd7 17. Rd1+ Kc8 18. Ba6+ Kc7 19. Bd6+ Kd7 20. Bxe5+ Ke6 21. Bf4 Nab4 22. Bc4+ Ke7 23. Bd6+ Kf6 24. f4 g6 25. f5 Rhe8 26. 0-0 Rxe4 27. fxg6+ Kxg6 28. Bxf7+ Kh6 29. Rf6+ Kg7 30. Rdf1 Re1 31. Bc4 Rxf1+ 32. Rxf1 Rd8 33. Bg3 Rd7 34. Bb5 Re7 35. Be1 Rf7 36. Bc3+ Kg6 37. Rd1 Rc7 38. Rd6+ Kf5 39. g3 a5 40. Kg2 Rc8 41. Bxb4 1-0

[Event "POL-ch U16"]
[Site "Chotowa"]
[Date "2009.04.03"]
[Round "9"]
[White "Luka, Krzysztof"]
[Black "Brzezinski, Mateusz"]
[Result "0-1"]
[WhiteElo "1889"]
[BlackElo "1931"]
[PlyCount "105"]
[EventDate "2009.03.28"]
[EventType "swiss"]
[EventRounds "11"]
[EventCountry "POL"]
[SourceTitle "EXT 2011"]
[Source "ChessBase"]
[SourceDate "2010.11.26"]
[SourceVersion "1"]
[SourceVersionDate "2010.11.26"]
[SourceQuality "1"]

1. d4 d5 2. c4 e6 3. Nf3 c6 4. Nc3 Nf6 5. e3 Nbd7 6. Bd3 dxc4 7. Bxc4 b5 8. Bb3 a6 9. 0-0 Bb7 10. Bd2 c5 11. Rc1 Qb6 12. dxc5 Nxc5 13. Bc2 Rd8 14. a4 b4 15. a5 Qxa5 16. Ra1 Qc7 17. Na4 Nce4 18. Qc1 Nxd2 19. Nxd2 Bd6 20. h3 0-0 21. Nc4 Qc6 22. f3 Bc7 23. b3 Nd5 24. Qb2 Qb5 25. Rfc1 Nb6 26. Naxb6 Bxb6 27. Nxb6 Qxb6 28. Re1 Rc8 29. Kf2 Rc3 30. Rad1 Rfc8 31. Bd3 Bd5 32. Rc1 a5 33. Rc2 Rxc2+ 34. Bxc2 Qc5 35. Rc1 g6 36. Ke2 Qc3 37. Qxc3 Rxc3 38. Kd2 Bxb3 39. Bxb3 Rxb3 40. Ra1 Rb2+ 41. Kd3 Rxg2 42. Rxa5 Rg3 43. Ke4 Rxh3 44. Rb5 Kg7 45. Rxb4 f5+ 46. Ke5 Rxf3 47. Rb3 h5 48. Kxe6 h4 49. Rb7+ Kh6 50. Kf6 Rxe3 51. Rb2 Kh5 52. Rb8 Kg4 53. Kxg6 0-1

[Event "POL-ch U16"]
[Site "Chotowa"]
[Date "2009.04.01"]
[Round "7"]
[White "Luka, Krzysztof"]
[Black "Zielinski, Wojciech"]
[Result "1/2-1/2"]
[WhiteElo "1889"]
[BlackElo "1990"]
[PlyCount "69"]
[EventDate "2009.03.28"]
[EventType "swiss"]
[EventRounds "11"]
[EventCountry "POL"]
[SourceTitle "EXT 2011"]
[Source "ChessBase"]
[SourceDate "2010.11.26"]
[SourceVersion "1"]
[SourceVersionDate "2010.11.26"]
[SourceQuality "1"]

1. d4 e6 2. c4 Nf6 3. Nf3 d5 4. Nc3 Be7 5. e3 0-0 6. Be2 b6 7. 0-0 Bb7 8. a3 Ne4 9. Qc2 Nd7 10. b4 Ndf6 11. c5 Nxc3 12. Qxc3 Ne4 13. Qc2 c6 14. cxb6 axb6 15. Ne5 Rc8 16. f3 Nf6 17. Qb3 Nd7 18. Nd3 Ba6 19. Bb2 c5 20. bxc5 bxc5 21. dxc5 Nxc5 22. Nxc5 Bxe2 23. Nb7 Qd7 24. Rfb1 Bc4 25. Qb6 Rc6 26. Qd4 Bf6 27. Qg4 Bxb2 28. Rxb2 Ra8 29. Qd4 f6 30. Nc5 Qc8 31. Nb7 Ba6 32. Rab1 Bxb7 33. Rxb7 Rc1+ 34. Rxc1 Qxc1+ 35. Kf2 1/2-1/2

[Event "Rzeszow-chA"]
[Site "Rzeszow"]
[Date "2008.11.08"]
[Round "8.5"]
[White "Luka, Krzysztof"]
[Black "Rawicz, Karol"]
[Result "0-1"]
[WhiteElo "1872"]
[BlackElo "2242"]
[PlyCount "63"]
[EventDate "2008.11.07"]
[EventType "tourn"]
[EventRounds "9"]
[EventCountry "POL"]
[SourceTitle "EXT 2023"]
[Source "ChessBase"]
[SourceDate "2022.10.05"]
[SourceVersion "1"]
[SourceVersionDate "2022.10.05"]
[SourceQuality "1"]

1. d4 Nf6 2. c4 d6 3. Nc3 e5 4. d5 Be7 5. e4 0-0 6. Nf3 c6 7. Bd3 Na6 8. a3 Nc5 9. Bc2 a5 10. Be3 cxd5 11. cxd5 Bg4 12. h3 Bxf3 13. Qxf3 Nfd7 14. h4 a4 15. g4 b5 16. g5 Rb8 17. Qh5 b4 18. axb4 Rxb4 19. Bc1 Qb8 20. Rb1 Nb3 21. Be3 Ndc5 22. f4 Nd4 23. Bxd4 exd4 24. e5 g6 25. Qh6 Re8 26. h5 Bf8 27. Qxh7+ Kxh7 28. hxg6+ Kg8 29. Rh7 fxg6 30. Bxg6 dxc3 31. f5 Rxe5+ 32. Kf2 0-1

[Event "Rzeszow CC-ch"]
[Site "Rzeszow"]
[Date "2008.02.04"]
[Round "8"]
[White "Leja, Adam"]
[Black "Luka, Krzysztof"]
[Result "0-1"]
[WhiteElo "2117"]
[BlackElo "1856"]
[PlyCount "90"]
[EventDate "2008.02.04"]
[EventType "tourn"]
[EventRounds "9"]
[EventCountry "POL"]
[SourceTitle "EXT 2010"]
[Source "ChessBase"]
[SourceDate "2010.11.25"]
[SourceVersion "1"]
[SourceVersionDate "2010.11.25"]
[SourceQuality "1"]

1. Nf3 g6 2. d4 Bg7 3. c4 d6 4. Nc3 Nd7 5. e4 e5 6. Be2 Ne7 7. 0-0 0-0 8. Bg5 h6 9. Bh4 g5 10. Bg3 f5 11. exf5 Nxf5 12. dxe5 Nxg3 13. hxg3 Nxe5 14. Nd4 Bd7 15. Qd2 Nc6 16. Nb3 Ne5 17. Rad1 Be6 18. Nd5 b6 19. Nd4 Bf7 20. f4 Ng6 21. Bg4 Bxd5 22. cxd5 Bxd4+ 23. Qxd4 gxf4 24. Be6+ Kh7 25. gxf4 Qf6 26. Qc4 Nxf4 27. Qe4+ Kh8 28. Rc1 c5 29. Rcd1 Rae8 30. b4 Qe5 31. Qxe5+ dxe5 32. Bd7 Rd8 33. Bc6 Rg8 34. Rd2 cxb4 35. Re1 Rg5 36. d6 Rg6 37. Red1 Nh3+ 38. Kh2 Ng5 39. g4 Nf7 40. Rf2 Kg7 41. Bd5 Ng5 42. Rc1 Rgxd6 43. Rc7+ R8d7 44. Rfc2 Kf8 45. Rf2+ Ke7 0-1